000 00311nam a2200133 a 4500
005 20140414132055.0
008 100520s19uu xx 00 eng d
050 _aREF 597.9
_bM32 2000
100 _aMcCarthy, Colin
245 _aReptile.
440 _aEyewitness books
650 _aReptile
999 _c114287
_d114287